Sofia Metro Stations - Statistics

General Stats
  • This quiz has been taken 46 times
  • The average score is 16 of 48
Answers on the Map
Answers color-coded by a green-red scale on the quiz's map according to % correct below.
 
Answer Stats
Answer % Correct
NDK
74%
Serdicca
65%
Mladost 1
62%
Vitosha
62%
Obelya
56%
European Union
53%
G. M. Dimitrov
53%
Mladost 3
53%
Musagenitsa
50%
Bussiness Park
47%
Konstantin Velichkov
44%
Lavov Most
44%
Lyulin
44%
Nadezhda
44%
Opalchenska
41%
Orlov Most
41%
Orlov Most
41%
Druzhba
35%
Hadzhi Dimitar
35%
Slivnitsa
35%
Sofia Airport
35%
Vardar
35%
Zapaden Park
35%
Beli Dunav
32%
Bulgaria
32%
James Boucher
32%
Ovcha Kupel
32%
Teatralna
32%
Centralna Gara
29%
Inter Expo Center
29%
Khan Kubrat
29%
Medical University
29%
Gorna Banya
26%
Krasno Selo
26%
Lomsko Shose
26%
Ovcha Kupel 2
26%
Alexander Malinov
24%
Moesia
24%
Iskarsko Shose
21%
Academician Alexander Teodorov-Balan
12%
Frédéric Joliot-Curie
12%
Georgi Asparuhov Stadium
9%
Vladimir Vazov
9%
Patriarch Evtimiy
6%
Trakia
3%
Knyaginya Marie-Louise
0%
Sofian Saint Forest
0%
Vasil Levsky Stadium
0%
No matching quizzes found
Score Distribution
Percent of People with Each Score
Percentile by Number Answered
Your Score History
You have not taken this quiz